| 000 | 00000nas 2200000zi 4500 |
| 001 | 9.834362 |
| 003 | CaOODSP |
| 005 | 20240624082355 |
| 006 | m o d f |
| 006 | m o d f |
| 007 | cr ||||||||||| |
| 008 | 170328d20112014oncar p o f0###b0fre|d |
| 040 | |aCaOODSP|bfre |
| 043 | |an-cn--- |
| 086 | 1 |aCP1-15-1F-PDF |
| 110 | 1 |aCanada. |bBureau du Conseil privé. |
| 245 | 10|aÉtats financières prospectifs, exercises se terminant le 31 mars ... |
| 246 | 16|aÉtats financiers prospectifs (non vérifiée) |
| 264 | 1|a[Ottawa] : |bBureau du Conseil privé |
| 310 | |aAnnuel |
| 336 | |atexte|btxt|2rdacontent/fre |
| 337 | |ainformatique|bc|2rdamedia/fre |
| 338 | |aressource en ligne|bcr|2rdacarrier/fre |
| 362 | 1 |aParaît depuis 2010 et 2011; ne paraît plus après 2013 et 2014. |
| 500 | |aPublié aussi en anglais sous le titre : Future-oriented financial statements for the years ending March 31 ... |
| 588 | |aDescription d'après : 2010 et 2011 |
| 588 | |aDernière livraison consultée : 2013 et 2014. |
| 692 | 07|2gccst|aGestion financière |
| 775 | 08|tFuture-oriented financial statements for the years ending March 31 ... |w(CaOODSP)9.834352 |
| 785 | 00|tÉtat des résultats prospectif, exercices se terminant le … |w(CaOODSP)9.834368 |